|
|
|
|
| LEADER |
00940nam a2200181 a 4500 |
| 008 |
100725s2002 bg a b 000 0 ben |
| 020 |
|
|
|a 9848820175
|
| 040 |
|
|
|a DB-DhAAL
|c DB-DhAAL
|
| 082 |
0 |
0 |
|a 551.6/021
|2 22
|
| 245 |
1 |
0 |
|a উপকূলীয় মৎস্যজীবীদের নিরাপত্তায় বেতারের ভূমিকা
|
| 260 |
|
|
|a মোহাম্মদপুর, ঢাকা :
|b ম্যাস্-লাইন মিডিয়া সেন্টার,
|c ২০০২
|
| 300 |
|
|
|a ১১৪ পৃ. :
|b চিত্র,ফটো ;
|c ২৪ সে.মি.
|
| 504 |
|
|
|a তথ্য নির্দেশিকা
|
| 541 |
1 |
|
|e 00020024
|
| 650 |
|
0 |
|a Weather reporting, Radio.
|
| 852 |
4 |
|
|a Ayesha Abed Library
|j General Shelf.
|
| 999 |
|
|
|c 9486
|d 9486
|
| 952 |
|
|
|0 0
|1 0
|2 ddc
|4 0
|6 551_600000000000000_021_UPO_2002
|7 0
|9 11878
|a BRACUL
|b BRACUL
|c GEN
|d 2010-09-20
|l 0
|o 551.6021 UPO
|p 3010020024
|r 2010-09-20
|t 1
|w 2010-09-20
|y BK
|